|
|
|
|
| LEADER |
00981nam a2200241 i 4500 |
| 001 |
c000243058 |
| 003 |
CARM |
| 005 |
20100721161725.0 |
| 008 |
840308s1969 nz 0 eng d |
| 019 |
1 |
|
|a 64405
|5 LACONCORD2021
|
| 035 |
|
|
|a (OCoLC)25344
|5 LACONCORD2021
|
| 040 |
|
|
|a VLU
|c VLU
|
| 082 |
0 |
4 |
|a 301.29931096
|
| 245 |
0 |
0 |
|a New Zealand's record in the Pacific Islands in the twentieth century /
|c Edited by Angus Ross.
|
| 260 |
|
|
|a Auckland :
|b Longman for the New Zealand Institute of International Affairs ,
|c 1969.
|
| 300 |
|
|
|a 362 p. :
|b illus.
|
| 651 |
|
0 |
|a Oceania
|x Relations
|z New Zealand.
|
| 651 |
|
0 |
|a New Zealand
|x Relations
|z Oceania.
|
| 700 |
1 |
|
|a Ross, Angus,
|d 1911-
|
| 710 |
2 |
|
|a New Zealand Institute of International Affairs.
|
| 852 |
8 |
|
|b CARM
|h A2:AQ36A0
|i B07565
|p 0324868
|f BK
|
| 999 |
f |
f |
|i 54e3ff25-6802-5194-bf9c-b7682750193e
|s c26c14d4-450e-5860-a566-6119a03c79cd
|
| 952 |
f |
f |
|p Can circulate
|a CAVAL
|b CAVAL
|c CAVAL
|d CARM 1 Store
|e B07565
|f A2:AQ36A0
|h Other scheme
|i book
|m 0324868
|